[Event "Wch U16 rapid"]
[Site "Batumi"]
[Date "2023.06.08"]
[Round "10"]
[White "Kanov, Nikola"]
[Black "Aleksanyan, Davit"]
[Result "1-0"]
[WhiteElo "2333"]
[BlackElo "1811"]
[PlyCount "142"]
[EventDate "2023.06.06"]
[EventType "swiss (rapid)"]
[EventRounds "11"]
[EventCountry "GEO"]
[SourceTitle "EXT 2024"]
[Source "ChessBase"]
[SourceDate "2023.10.10"]
[SourceVersion "1"]
[SourceVersionDate "2023.10.10"]
[SourceQuality "1"]
[WhiteTeam "Bulgaria"]
[BlackTeam "Armenia"]
[WhiteTeamCountry "BUL"]
[BlackTeamCountry "ARM"]

1. e4 Nf6 2. e5 Nd5 3. d4 d6 4. c4 Nb6 5. exd6 cxd6 6. Nc3 g6 7. Be3 Bg7 8. Rc1 0-0 9. Nf3 Bg4 10. Be2 Nc6 11. b3 e5 12. dxe5 dxe5 13. 0-0 f5 14. Qxd8 Rfxd8 15. c5 Bxf3 16. Bxf3 Nd7 17. Bd5+ Kh8 18. f3 Nf6 19. Bc4 Rd7 20. a3 Rad8 21. b4 Nd4 22. Nb5 f4 23. Bxd4 exd4 24. Nd6 Rf8 25. Rfe1 h6 26. Re6 g5 27. Rd1 Ng8 28. Bb5 Re7 29. Rxe7 Nxe7 30. Nxb7 Nd5 31. Nd6 Be5 32. Ba6 Rf6 33. Nc4 Rxa6 34. Nxe5 Rxa3 35. Rxd4 Ra1+ 36. Kf2 Ra2+ 37. Ke1 Ne3 38. Rd8+ Kg7 39. Rd2 Ra1+ 40. Ke2 Kf6 41. Nd7+ Ke7 42. c6 Rc1 43. Nc5 Nc4 44. Rd7+ Ke8 45. c7 Nb6 46. Rd8+ Ke7 47. Rb8 Kd6 48. Rxb6+ Kxc7 49. Rxh6 Rc2+ 50. Kd3 Rxg2 51. Ke4 Rb2 52. Kf5 Rf2 53. Ne6+ Kb6 54. Nxg5+ Kb5 55. Kxf4 Rb2 56. Ne4 Rxb4 57. Rh5+ Kb6 58. Rh8 Rd4 59. h4 a5 60. h5 a4 61. h6 a3 62. h7 a2 63. Rb8+ Kc7 64. Ra8 Rd8 65. Rxa2 Rh8 66. Kg5 Kd7 67. Kg6 Ke6 68. Ra5 Rf8 69. Ng5+ Ke7 70. Ra7+ Kd6 71. Kg7 Kd5 1-0

[Event "Wch U16 rapid"]
[Site "Batumi"]
[Date "2023.06.08"]
[Round "9"]
[White "Kanov, Nikola"]
[Black "Shamatava, Nikolozi"]
[Result "0-1"]
[WhiteElo "2333"]
[BlackElo "1784"]
[PlyCount "94"]
[EventDate "2023.06.06"]
[EventType "swiss (rapid)"]
[EventRounds "11"]
[EventCountry "GEO"]
[SourceTitle "EXT 2024"]
[Source "ChessBase"]
[SourceDate "2023.10.10"]
[SourceVersion "1"]
[SourceVersionDate "2023.10.10"]
[SourceQuality "1"]
[WhiteTeam "Bulgaria"]
[BlackTeam "Georgia"]
[WhiteTeamCountry "BUL"]
[BlackTeamCountry "GEO"]

1. e4 c5 2. Nf3 e6 3. d4 cxd4 4. Nxd4 Nf6 5. Nc3 Nc6 6. Ndb5 Bc5 7. Bf4 0-0 8. Bc7 Qe7 9. Bd6 Bxd6 10. Qxd6 Qd8 11. 0-0-0 a6 12. Nd4 Ne8 13. Qg3 d5 14. exd5 exd5 15. Be2 Nd6 16. Nb3 Nf5 17. Qf4 Nfe7 18. Bf3 Be6 19. Kb1 a5 20. Nxd5 Nxd5 21. Bxd5 Bxd5 22. c4 a4 23. Nc1 a3 24. Rxd5 Qe7 25. b3 Nb4 26. Rd4 Ra6 27. Rhd1 Rf6 28. Qd2 Nc6 29. Rd3 Qe5 30. Re3 Qxh2 31. Rg3 Qh5 32. Rg5 Qh6 33. f4 Re6 34. Nd3 Rd8 35. Rd5 Rde8 36. f5 Qxd2 37. Rxd2 Rh6 38. b4 Rh1+ 39. Kc2 h6 40. Kc3 Re3 41. Kb3 Rb1+ 42. Kxa3 Rxb4 43. Rb5 Rxc4 44. Rxb7 Rd4 45. Rb3 Na5 46. Nc5 Nxb3 47. Nxb3 Rxd2 0-1

[Event "Wch U16 rapid"]
[Site "Batumi"]
[Date "2023.06.08"]
[Round "8"]
[White "Kemashvili, Luka"]
[Black "Kanov, Nikola"]
[Result "0-1"]
[WhiteElo "1543"]
[BlackElo "2333"]
[PlyCount "60"]
[EventDate "2023.06.06"]
[EventType "swiss (rapid)"]
[EventRounds "11"]
[EventCountry "GEO"]
[SourceTitle "EXT 2024"]
[Source "ChessBase"]
[SourceDate "2023.10.10"]
[SourceVersion "1"]
[SourceVersionDate "2023.10.10"]
[SourceQuality "1"]
[WhiteTeam "Georgia"]
[BlackTeam "Bulgaria"]
[WhiteTeamCountry "GEO"]
[BlackTeamCountry "BUL"]

1. d4 Nf6 2. c4 e6 3. Nc3 c5 4. d5 exd5 5. cxd5 d6 6. e4 g6 7. f4 Bg7 8. e5 Nfd7 9. Nb5 dxe5 10. Nd6+ Ke7 11. Nxc8+ Qxc8 12. Nf3 e4 13. Ng5 Re8 14. d6+ Kf8 15. Qd5 Re6 16. Nxe6+ fxe6 17. Qxe6 Nb6 18. Qe7+ Kg8 19. Bb5 Nc6 20. Qxe4 Nd4 21. d7 Qf8 22. Be2 Nxd7 23. 0-0 Nf6 24. Bc4+ Kh8 25. Qxb7 Nf5 26. Bd2 Rb8 27. Qxa7 Ne4 28. Bc3 Nxc3 29. bxc3 Bxc3 30. Rab1 Bd4+ 0-1

[Event "Wch U16 rapid"]
[Site "Batumi"]
[Date "2023.06.06"]
[Round "3"]
[White "Kanov, Nikola"]
[Black "Navumenka, Mikhei"]
[Result "1/2-1/2"]
[WhiteElo "2333"]
[BlackElo "2077"]
[PlyCount "48"]
[EventDate "2023.06.06"]
[EventType "swiss (rapid)"]
[EventRounds "11"]
[EventCountry "GEO"]
[SourceTitle "EXT 2024"]
[Source "ChessBase"]
[SourceDate "2023.10.10"]
[SourceVersion "1"]
[SourceVersionDate "2023.10.10"]
[SourceQuality "1"]
[WhiteTeam "Bulgaria"]
[BlackTeam "FIDE"]
[WhiteTeamCountry "BUL"]

1. e4 e6 2. d4 d5 3. e5 c5 4. c3 Nc6 5. Nf3 Qb6 6. Be2 cxd4 7. cxd4 Nh6 8. Bxh6 Qxb2 9. 0-0 gxh6 10. Nbd2 Bg7 11. Qa4 Qb4 12. Qc2 0-0 13. Nb3 f6 14. exf6 Bxf6 15. Rab1 Qd6 16. Rfd1 b6 17. Bd3 Rf7 18. Qd2 Bg7 19. Re1 Bd7 20. Rbc1 Raf8 21. Bb5 Nb8 22. Bd3 Nc6 23. Bb5 Nb8 24. Bd3 Nc6 1/2-1/2

[Event "Dimitrovgrad Spring"]
[Site "Dimitrovgrad"]
[Date "2023.04.16"]
[Round "9"]
[White "Kanov, Nikola"]
[Black "Banov, Boil"]
[Result "1-0"]
[WhiteElo "2345"]
[BlackElo "2046"]
[PlyCount "50"]
[EventDate "2023.04.11"]
[EventType "schev"]
[EventRounds "9"]
[EventCountry "BUL"]
[SourceTitle "CBM 213 Extra"]
[Source "ChessBase"]
[SourceDate "2023.05.31"]
[SourceVersion "1"]
[SourceVersionDate "2023.05.31"]
[SourceQuality "1"]
[WhiteTeam "Team C"]
[BlackTeam "Team B"]
[WhiteTeamCountry "BUL"]
[BlackTeamCountry "BUL"]

1. e4 g6 2. d4 Bg7 3. Nc3 c6 4. Be3 Nf6 5. Qd2 b5 6. e5 b4 7. Nd1 Nd5 8. Bh6 0-0 9. h4 f6 10. Nf3 d6 11. Bxg7 Kxg7 12. Ne3 dxe5 13. dxe5 Nxe3 14. Qxe3 Qb6 15. Qf4 Qc5 16. h5 g5 17. h6+ Kh8 18. Nxg5 Qxc2 19. Rd1 Qg6 20. Nf3 Nd7 21. Bd3 Qf7 22. Bc4 e6 23. exf6 Qxf6 24. Qc7 Nb6 25. Rd4 Nxc4 1-0

[Event "Dimitrovgrad Spring"]
[Site "Dimitrovgrad"]
[Date "2023.04.14"]
[Round "5"]
[White "Kanov, Nikola"]
[Black "Kalaiyalahan, Akshaya"]
[Result "1-0"]
[WhiteElo "2345"]
[BlackElo "2130"]
[PlyCount "69"]
[EventDate "2023.04.11"]
[EventType "schev"]
[EventRounds "9"]
[EventCountry "BUL"]
[SourceTitle "CBM 213 Extra"]
[Source "ChessBase"]
[SourceDate "2023.05.31"]
[SourceVersion "1"]
[SourceVersionDate "2023.05.31"]
[SourceQuality "1"]
[WhiteTeam "Team C"]
[BlackTeam "Team A"]
[WhiteTeamCountry "BUL"]
[BlackTeamCountry "BUL"]

1. e4 c5 2. Nf3 Nc6 3. d4 cxd4 4. Nxd4 g6 5. c4 Nf6 6. Nc3 d6 7. Be2 Nxd4 8. Qxd4 Bg7 9. Be3 0-0 10. Qd2 a5 11. 0-0 a4 12. f3 Qa5 13. Rab1 Be6 14. b4 axb3 15. axb3 Rfc8 16. Rfc1 Nd7 17. b4 Qd8 18. Nd5 Bxd5 19. exd5 Ra3 20. c5 dxc5 21. bxc5 Nf6 22. Bc4 Qd7 23. Bf2 Rd8 24. Qb4 Raa8 25. Qxb7 Qxb7 26. Rxb7 Nxd5 27. c6 e6 28. c7 Rdc8 29. Bxd5 exd5 30. Bg3 Bd4+ 31. Kf1 Be3 32. Rcb1 Kg7 33. Rb8 Ba7 34. Rxc8 Rxc8 35. Rb7 1-0